000 00547nam a2200193Ia 4500
005 20260120124621.0
008 008 260114s9999 xx 000 0 eng d
020 _a9780762313501
037 _aEBOOK
040 _aCRL
_beng
_cCRL
041 _aeng
_2eng
084 _qCRL
245 0 _aDynamics of Inequality and Poverty
260 _bEmerald Publishing
_c2006
700 _aJohn Creedy
_9908450
856 _uhttps://www.emerald.com/insight/publication/doi/10.1016/S1049-2585(2006)13
942 _cEBOOK
999 _c1500343
_d1500343